Sports Quiz

Random Sports or Tennis Quiz

Tennis Divas (Slideshow) Quiz Stats

Quiz not verified by Sporcle

Score 0/26 Timer 05:00
0 Plays Today
% Correct
Serena Williams
99.8%
Maria Sharapova
97.2%
Venus Williams
94.4%
Steffi Graf
92.3%
Monica Seles
84.4%
Na Li
83.9%
Ana Ivanovic
83.8%
Martina Hingis
82.5%
Kim Clijsters
81.4%
Billie Jean King
81.2%
Caroline Wozniacki
79.3%
Jelena Jankovic
78%
Anna Kournikova
77.8%
% Correct
Martina Navratilova
77.6%
Victoria Azarenka
76.3%
Chris Evert
75.4%
Marion Bartoli
73.7%
Agnieszka Radwanska
72%
Jennifer Capriati
63.7%
Arantxa Sanchez
63.5%
Eugenie Bouchard
59.6%
Gabriela Sabatini
55.8%
Anastasia Myskina
50%
Daniela Hantuchova
46.4%
Evonne Goolagong
43.6%
Elena Dementieva
41.2%

You're not logged in!

Compare scores with friends on all Sporcle quizzes.
Join for Free
OR
Log In

You Might Also Like...

Show Comments

Extras

Top Quizzes Today


Score Distribution

Your Account Isn't Verified!

In order to create a playlist on Sporcle, you need to verify the email address you used during registration. Go to your Sporcle Settings to finish the process.

Report this User

Report this user for behavior that violates our Community Guidelines.

Details: